00479 a2200169 450000100060000002000240000604000240003010000210005424000290007524500270010430000100013136200090014165000310015094200070018195201040018899900170029247253 a8585466316 (broch.) cAnchieta - Aquarius aAzevedo, Ricardo10aAviãozinho de papel l10aAviãozinho de papel  a23p. 0 a2004 4aLiteratura infanto-juvenil cBK 00104070a87.1b87.1d2023-11-21l0o028.5 AZE AVIp5787/AQUr2023-11-21 15:14:05w2023-11-21yBK c47253d47253